00000000nam 2200000zi 4500
0019.947514
003CaOODSP
00520250205115457
006m     o  d f      
007cr bn|||||||||
008250129e198106  oncao   ob   f000 0 eng d
040 |aCaOODSP|beng|erda|cCaOODSP
043 |an-cn---
0861 |aDR52-19/19-1981E-PDF
1001 |aBeach, A. J., |eauthor.
24510|aDetermination of mass moment of inertia for CF male/female aircrew / |cA.J. Beach, E.J. Celentano, D. Beevis.
264 1|aDownsview, Ontario : |bDefence and Civil Institute of Environmental Medicine : |bDepartment of National Defence - Canada, |cJune 1981.
300 |a1 online resource (31 pages) : |bphotographs, illustrations.
336 |atext|btxt|2rdacontent
337 |acomputer|bc|2rdamedia
338 |aonline resource|bcr|2rdacarrier
4901 |aDCIEM report ; |vno. 81-R-22
500 |aDigitized edition from print [produced by Defence R&D Canada].
504 |aIncludes bibliographical references (pages 17-20).
650 0|aMoments of inertia|xMeasurement.
650 0|aSoldiers|xAnthropometry|zCanada|vStatistics.
650 6|aMoments d'inertie|xMesure.
650 6|aSoldats|xAnthropométrie|zCanada|vStatistiques.
7102 |aDefence and Civil Institute of Environmental Medicine (Canada), |eissuing body.
7101 |aCanada. |bDepartment of National Defence, |eissuing body.
830#0|aDCIEM report ;|vno. 81-R-22.|w(CaOODSP)9.941842
85640|qPDF|s4.33 MB|uhttps://publications.gc.ca/collections/collection_2025/rddc-drdc/DR52-19-19-1981-eng.pdf